000 00714 a2200205 4500
005 20080911164514.0
008 080911t xxu||||| |||| 00| D eng d
010 _aENG-87735
020 _a8180020061
_c300.00
035 _aEN-71268
037 _bDBAD / PUB
082 _a882
100 _aMishra, S.d.
245 _aEnglish verse drama
_bwith a note on Hindi verse drama
_cby S.D. Mishra
260 _aLucknow
_bBharat Prakashan
_c2005
270 _a17, Ashok Marg
_bLucknow
_e226 001
300 _a155 p.
_c22 cm ( Hb.)
942 _adpl
_cEN
_k882/MIS
_2ddc
_h882
_mMIS
999 _c6896
_d6896